Quick Pick: Water Body Names Quiz Stats

 Plays Quiz Updated Sep 1, 2017

Challenge
Share
Tweet
Embed
Score 0/13 Timer 01:00
1 Play Today
% Correct
Ocean
93.9%
Channel
91.6%
Canal
91%
River
87.9%
Strait
84.1%
Bay
82.4%
Gulf
68.7%
Lake
66.3%
Swamp
60.6%
Fjord
57.2%
Sea
52.4%
Bight
41.7%
Glacier
39.7%

Today's Daily Dose

Word Ladder
Homophones Ate

Quick Pick
RGB Colors

On This Day
August 18th II

You're not logged in!

Compare scores with friends on all Sporcle quizzes.
Join for Free
OR
Log In

You Might Also Like...

Show Comments

Extras

Top Quizzes Today


Score Distribution

Your Account Isn't Verified!

In order to create a playlist on Sporcle, you need to verify the email address you used during registration. Go to your Sporcle Settings to finish the process.

Report this User

Report this user for behavior that violates our Community Guidelines.

Details: